000 006030000a22001930004500
020 _a84-7953-106-1
041 0 _aSPA
082 0 4 _aG 362.83 B317c
100 1 _aBass, Ellen
245 1 0 _aEl coraje de sanar : Guía para las mujeres supervivientes de abuso sexual en la infancia / Ellen Bass, Laura Davis ; Amelia Brito, Traductor
260 _aBarcelona, España : Urano
300 _a639 Pag
500 _aTítulo original : The courage to heal
001 9794
942 _cBK
999 _c39646
_d39646
336 _atexto
_btxt
_2rdacontent
337 _2rdamedia
_asin mediación
_bn
338 _2rdacarrier
_avolumen
_bnc